000 00658nam a2200229 i 4500
001 C2-0237154
003 PPAK
005 20210520080504.0
008 011120n my a|||| |||||||| 0 may d
040 _aPPAK
_beng
_cPPAK
_erda
082 0 4 _a297.5
_223
090 0 0 _a297.5
_bHIK
_dKAM
245 0 0 _aHikmah
264 1 _aKota Kinabalu, Sabah :
_bMajlis Ugama Islam Sabah ,
_c[date of publication not identified].
300 _avarious pages :
_bcolour illustrations ;
_c26 cm
336 _2rdacontent
_atext
337 _2rdamedia
_aunmediated
338 _2rdacarrier
_avolume
500 _aBil. 16-27
650 1 0 _aIslam
_vPeriodicals
942 _cB
_2ddc
999 _c52849
_d52849